| 000 | 00814nam a2200313Mi 4500 | ||
|---|---|---|---|
| 001 | 93645 | ||
| 005 | 20230411090052.0 | ||
| 008 | 100524s2010 sp 000 0 spa d | ||
| 035 | _a(OCoLC)ocn631131546 | ||
| 040 |
_aC3L _cC3L |
||
| 020 | _a9788447033942 | ||
| 020 | _a8447033945 | ||
| 029 | 0 |
_aC3L _b60700397 |
|
| 035 | _a(OCoLC)631131546 | ||
| 043 |
_ae-po--- _ae-sp--- |
||
| 045 | _ax4x- | ||
| 082 | 1 | 4 |
_a336 _221 |
| 049 | _aGRAL | ||
| 100 | 1 | _aCalvo Ortega, Rafael. | |
| 245 | 1 | 3 |
_aLa reforma de la hacienda municipal / _cRafael Calvo Ortega. |
| 260 |
_aMadrid : _bCivitas, _c2010. |
||
| 300 | _a233 p. | ||
| 490 | 1 | _aCuadernos Civitas | |
| 830 | 0 | _aCuadernos Civitas. | |
| 938 |
_aCasalini Libri _bCASA _n60700397 _c28.00 EUR |
||
| 942 |
_2lcc _cbk |
||
| 946 | _asadt | ||
| 994 |
_aC0 _bDRFGD |
||
| 999 |
_c111920 _d111920 |
||